000 00276nam a22001217a 4500
999 _c534150
_d534150
040 _cDLC
082 _a954.91
100 _aAqeel Abasi Jafri.
_928296
245 _aPakistan Kay Siyasi Waderay
260 _aLahore
_bJhangir Box
_c[N.D]
300 _a976;p
942 _2ddc
_cBK